Air Force Ranks -Enlisted - Statistics

General Stats
  • This quiz has been taken 44 times
  • The average score is 11 of 14
Answer Stats
Hint Answer % Correct
E2 Airman
100%
E3 Airman First Class
89%
E4 Senior Airman
86%
E6 Technical Sergeant
86%
E5 Staff Sergeant
83%
E1 Airman Basic
80%
E9 Chief Master Sergeant
80%
E7 Master Sergeant
80%
E8 Senior Master Sergeant
80%
E9 Chief Master Sergeant of the Air Force
69%
E7 First Sergeant
60%
E8 First Sergeant
60%
E9 First Sergeant
60%
E9 Command Chief Master Sergeant
54%
No matching quizzes found
Score Distribution
Percent of People with Each Score
Percentile by Number Answered
Your Score History
You have not taken this quiz